कमाल शहरी जमीन धारणा कायदा (Record no. 312973)

MARC details
000 -LEADER
fixed length control field 00748nam a2200169Ia 4500
008 - FIXED-LENGTH DATA ELEMENTS--GENERAL INFORMATION
fixed length control field 090711s9999 xx 000 0 und d
082 ## - DEWEY DECIMAL CLASSIFICATION NUMBER
Item number 35571
100 ## - MAIN ENTRY--PERSONAL NAME
Personal name कुलकर्णी व्ही. एस. / गदगकर विजया
245 ## - TITLE STATEMENT
Title कमाल शहरी जमीन धारणा कायदा
260 ## - PUBLICATION, DISTRIBUTION, ETC. (IMPRINT)
Date of publication, distribution, etc 1976
300 ## - PHYSICAL DESCRIPTION
Extent 72+37
600 ## - SUBJECT ADDED ENTRY--PERSONAL NAME
Personal name कुलकर्णी व्ही. एस. / गदगकर विजया
630 ## - SUBJECT ADDED ENTRY--UNIFORM TITLE
Uniform title कमाल शहरी जमीन धारणा कायदा
700 ## - ADDED ENTRY--PERSONAL NAME
Personal name कुलकर्णी व्ही. एस. / गदगकर विजया
730 ## - ADDED ENTRY--UNIFORM TITLE
Uniform title कमाल शहरी जमीन धारणा कायदा
942 ## - ADDED ENTRY ELEMENTS (KOHA)
Koha item type Book
Holdings
Withdrawn status Lost status Damaged status Not for loan Home library Current library Date acquired Cost, normal purchase price Total Checkouts Full call number Barcode Date last seen Cost, replacement price Price effective from Koha item type
        Dadar Sarvajanik Vachanalaya, Dardar Dadar Sarvajanik Vachanalaya, Dardar 07/11/2009 10.00   35571 DASAVA-35571 07/11/2009 10.00 07/11/2009 Book